000 00534nam a2200181Ia 4500
008 100920s9999 xx 000 0 und d
082 _b91586
_a--- थ 65
100 _aआपटे हरि नारायण.
245 _aआजच !.
260 _bआर्यभूषण मुद्रणालय, पुणे.
_c1965
300 _a212
_bसाधी
365 _b2.25
520 _aकादंबरी.
630 _aआजच !.
650 _aकादंबरी.
730 _aआजच !.
942 _cBOOK
999 _c732054
_d732051